Schwedische Wörter ins deutsche übersetzen (schwer) - Statistiken

Allgemein
  • Dieses Quiz wurde 17 mal gespielt
  • Das Durchschnittsergebnis liegt bei 4 aus 15
Antwortstatistiken
Hint Antwort % Korrekt
Sammanhang zusammenhang
82%
Förekomma Vorkommen
59%
Avsikt Absicht
53%
Förutsättning Voraussetzung
53%
Befogenhet Befugnis
47%
Självklar Selbstverständlich
41%
Självförverkligande Selbstverwirklichung
35%
Ansvarsfull Verantwortungsbewusst
18%
Åsikt Meinung
6%
Oundviklig unvermeidlich
6%
Förtrogen vertraut
6%
Otvetydig eindeutig
0%
Företeelse Erscheinung
0%
Åtgärd Maßnahme
0%
Sammankopplad miteinander
0%
Keine übereinstimmenden Quizze gefunden
Verteilung der Resultate
Anzahl Personen mit jedem Resultat
Perzentil nach korrekt beantworteten Fragen
Ihre Resultats-Entwicklung
Sie haben dieses Quiz noch nicht gespielt